000 00906nam a2200253 i 4500
001 66839
003 ES-MaACL
005 20230906165847.0
007 t|
008 000707s2000 sp |||| |dspa d
020 _a84-87198-61-9
080 _a929-055.2(64)"19"(049.3)
100 1 _aMernissi, Fátima.
_980588
245 1 0 _aMarruecos a través de sus mujeres /
_cFátima Mernissi ; traducido del francés por Inmaculada Jiménez Morell.
250 _a5ª ed. rev. y aum.
260 _aGuadarrama (Madrid) :
_bEdiciones del Oriente y del Mediterráneo,
_c2000.
300 _a214 p. ;
_c21 cm.
490 1 _aSociedades del Oriente y del Mediterráneo ;
_v2
650 4 _aMujeres-
_zMarruecos-
_vEntrevistas.
_915300
700 1 _aJiménez Morell, Inmaculada.
_966569
830 0 _aSociedades del Oriente y del Mediterráneo ;
_v2
_9183053
852 _aES-MaACL
_jL-27344
999 _c66839
_d66839